000
00306nam a22000977a 4500
005
20250901165528.0
008
210602b |||||||| |||| 00| 0 eng d
050
_a
D21 .F37 2003
245
_a
World history, the human experience
_b
the early ages
_c
FARAH, MOUNIR A.
942
_2
lcc
_h
D21 .F37 2003
999
_c
5360
_d
5360